000 01440nam0a2200349 4500
001 RU\NLR\BIBL_A\012585390
005 20210907142250.0
010 _a978-5-9953-0685-6
_91000
021 _aRU
_bКН-П-21-026757
_9КН-П-21-2066
035 _a(NLR Aleph) 012585390
090 _a12535350
_c12535350
100 _a20210825d2021 u y0rusy50 ca
101 1 _arus
_cheb
102 _aRU
105 _aa|||z|||000ay
181 0 _ai3
_bab2e
182 0 _an
200 1 _aЧеловек с той стороны
_eповесть
_fУри Орлев
_gперевод с иврита Рафаила Нудельмана и Аллы Фурман
_gхудожник: Наталья Салиенко
203 _aТекст
_bвизуальный
_cнепосредственный
210 _aМосква
_cКнижники
_d2021
215 _a203, [5] c.
_cил.
_d24
686 0 _aШ9(5И)62-4
700 1 _7ca
_8rus
_aОрлев
_bУ.
_f1931-2022
_gУри
_9185674
_3RU\NLR\AUTH\770185725
702 1 _aНудельман
_bР. И.
_f1931-
_gРафаил Ильич
_4730
702 1 _aФурман
_bА.
_gАлла
_4730
702 1 _4040
_7ca
_8rus
_aСалиенко
_bН. П.
_cхудожник
_f1961-
_gНаталья Петровна
_950590
_3RU\NLR\AUTH\7767662
942 _cBOOK
980 _aNB